| 000 | 00494nam a2200193Ia 4500 | ||
|---|---|---|---|
| 005 | 20250423100843.0 | ||
| 008 | 250422s9999 xx 000 0 und d | ||
| 020 | _a0672322382 | ||
| 050 | _aQA 76.76 .G44 .S35/ | ||
| 100 | _aSchmuller, Joseph | ||
| 245 | 0 | _aSams teach yourself UML in 24 hours | |
| 250 | _a2nd ed. | ||
| 260 | _aIndianapolis | ||
| 260 | _bSams | ||
| 260 | _cc2002 | ||
| 300 | _a97 p | ||
| 650 | _aComputer software--Development. UML (Computer science) | ||
| 942 | _cBK | ||
| 999 |
_c34541 _d34541 |
||